[Event "NED-ch 2008 sf"]
[Site "Hilversum"]
[Date "2008.01.05"]
[Round "1.1"]
[White "Janssen, Ruud"]
[Black "Fluit, Johnny"]
[Result "1-0"]
[WhiteElo "2513"]
[BlackElo "2091"]
[PlyCount "51"]
[EventDate "2008.01.05"]

1. Nf3 d5 2. c4 c6 3. e3 Nf6 4. Nc3 a6 5. b3 Bg4 6. Be2 b5 7. h3 Bh5 8. Bb2
Nbd7 9. cxd5 cxd5 10. g4 Bg6 11. g5 Ne4 12. Nxd5 e6 13. Nf4 Nxg5 14. h4 Nxf3+
15. Bxf3 Rc8 16. Rc1 e5 17. h5 Bf5 18. e4 exf4 19. exf5 f6 20. Qe2+ Be7 21.
Rxc8 Qxc8 22. O-O Qb8 23. Rc1 Kd8 24. Rc6 Ne5 25. Bxe5 fxe5 26. Rxa6 1-0

[Event "NED-ch 2008 sf"]
[Site "Hilversum"]
[Date "2008.01.05"]
[Round "1.1"]
[White "Haast, Mark"]
[Black "Brandenburg, Daan"]
[Result "1/2-1/2"]
[WhiteElo "2095"]
[BlackElo "2483"]
[PlyCount "89"]
[EventDate "2008.01.05"]

1. e4 c5 2. Nf3 d6 3. d4 cxd4 4. Nxd4 Nf6 5. Nc3 Nc6 6. Bg5 e6 7. Qd2 a6 8.
O-O-O Bd7 9. f4 b5 10. Bxf6 gxf6 11. Kb1 Qb6 12. Nxc6 Bxc6 13. f5 Qc5 14. Qe1
Ra7 15. Qh4 Be7 16. Bd3 a5 17. Ne2 a4 18. c3 b4 19. c4 a3 20. b3 Rg8 21. Rhg1
Qe3 22. Qf4 Qxf4 23. Nxf4 Bd7 24. g4 Bd8 25. Rg3 Ke7 26. Be2 Bc6 27. Bf3 e5 28.
Nh5 Rd7 29. Kc2 Bb6 30. Kd3 Rdd8 31. Rh3 h6 32. Rd2 Rg5 33. Rg2 Rdg8 34. Nxf6
Rh8 35. Nh5 f6 36. Ke2 Be8 37. Ng3 Bf7 38. Kd3 Rgg8 39. Nf1 h5 40. gxh5 Rxg2
41. Bxg2 Rxh5 42. Rxh5 Bxh5 43. Nd2 Bc5 44. Bf3 Bf7 45. Nf1 1/2-1/2

[Event "NED-ch 2008 sf"]
[Site "Hilversum"]
[Date "2008.01.05"]
[Round "1.1"]
[White "Visser, Yge"]
[Black "Rademakers, Evert"]
[Result "1-0"]
[WhiteElo "2470"]
[BlackElo "2096"]
[PlyCount "51"]
[EventDate "2008.01.05"]

1. e4 e5 2. Nf3 Nc6 3. Bb5 a6 4. Ba4 Nf6 5. O-O b5 6. Bb3 Be7 7. d4 d6 8. c3
O-O 9. h3 Bb7 10. Qe2 Nd7 11. Rd1 Qe8 12. a4 b4 13. a5 bxc3 14. bxc3 Bf6 15. d5
Ne7 16. Ba4 g6 17. c4 Bg7 18. Ba3 f5 19. Ng5 Qc8 20. Ne6 Rf6 21. Nc3 Bh6 22.
Rab1 Nf8 23. Nxf8 Rxf8 24. c5 dxc5 25. Bxc5 Rf7 26. Qb2 1-0

[Event "NED-ch 2008 sf"]
[Site "Hilversum"]
[Date "2008.01.05"]
[Round "1.1"]
[White "Goudriaan, Etienne"]
[Black "De Jong, Jan Willem"]
[Result "1/2-1/2"]
[WhiteElo "2123"]
[BlackElo "2445"]
[PlyCount "102"]
[EventDate "2008.01.05"]

1. e4 e5 2. Nf3 Nc6 3. Bb5 a6 4. Ba4 Nf6 5. O-O Be7 6. Re1 b5 7. Bb3 d6 8. c3
O-O 9. h3 Na5 10. Bc2 d5 11. d4 dxe4 12. Nxe5 c5 13. Nd2 cxd4 14. Nxe4 dxc3 15.
Qf3 Bb7 16. b4 Bxb4 17. Nxf6+ Qxf6 18. Qxf6 gxf6 19. Ng4 Nc4 20. Nxf6+ Kh8 21.
Bg5 Rfd8 22. Rad1 Na3 23. Nd7 Nxc2 24. Bf6+ Kg8 25. Re5 h6 26. Bxd8 Rxd8 27.
Nf6+ Kg7 28. Nh5+ Kh7 29. Rxd8 Nd4 30. Nf4 c2 31. Nd3 Nc6 32. Rde8 Nxe5 33.
Rxe5 Bd2 34. Rc5 Be4 35. Rxc2 Ba5 36. Ne1 Bxc2 37. Nxc2 Kg6 38. Nd4 Bb6 39. Nf3
Kf5 40. Kf1 a5 41. Ke2 a4 42. g4+ Ke4 43. Nh4 Bxf2 44. Nf5 b4 45. Kxf2 Kd3 46.
Ne3 Kd2 47. Nd5 b3 48. axb3 a3 49. Nb4 Kc3 50. Na2+ Kxb3 51. Nc1+ Kc2 1/2-1/2

[Event "NED-ch 2008 sf"]
[Site "Hilversum"]
[Date "2008.01.05"]
[Round "1.1"]
[White "Bosch, Jeroen"]
[Black "Otte, Marijn"]
[Result "1-0"]
[WhiteElo "2437"]
[BlackElo "2155"]
[PlyCount "69"]
[EventDate "2008.01.05"]

1. d4 c5 2. d5 Nf6 3. c4 e5 4. Nc3 d6 5. e4 Be7 6. g3 Na6 7. Bg2 Nc7 8. Nge2 h5
9. h3 h4 10. g4 Nd7 11. f4 exf4 12. Bxf4 Ne5 13. b3 Bf6 14. Qd2 g6 15. O-O Qe7
16. Rf2 Bd7 17. Raf1 Rh7 18. Be3 Bg7 19. Bg5 Qf8 20. Nc1 Bh6 21. Bxh6 Qxh6 22.
Nd3 Qxd2 23. Rxd2 O-O-O 24. Nxe5 dxe5 25. Rdf2 Be8 26. Bf3 Rd6 27. g5 Kd8 28.
Nd1 f5 29. gxf6 Rxf6 30. Ne3 Bd7 31. Bg4 Rxf2 32. Rxf2 Be8 33. d6 Na6 34. Rf8
Nb8 35. Nd5 1-0

[Event "NED-ch 2008 sf"]
[Site "Hilversum"]
[Date "2008.01.05"]
[Round "1.1"]
[White "Hekhuis, Jeroen"]
[Black "Bosboom, Manuel"]
[Result "0-1"]
[WhiteElo "2168"]
[BlackElo "2434"]
[PlyCount "86"]
[EventDate "2008.01.05"]

1. Nf3 Nf6 2. c4 g6 3. Nc3 Bg7 4. g3 O-O 5. Bg2 d6 6. d4 Nbd7 7. O-O e5 8. e4
c6 9. h3 exd4 10. Nxd4 Qa5 11. a3 Ne5 12. b4 Qb6 13. Na4 Qc7 14. Qc2 Re8 15.
Be3 Be6 16. Nb2 Bd7 17. f4 Nxe4 18. Bxe4 Bxh3 19. Bg2 Ng4 20. Bf2 Ne3 21. Bxe3
Rxe3 22. Nf3 Bf5 23. Qd2 Rb3 24. Ra2 a5 25. b5 Re8 26. Kh2 Ree3 27. Nd1 Red3
28. Qe2 Rxa3 29. Rxa3 Rxa3 30. Qe8+ Bf8 31. Ng5 Qe7 32. Re1 Qxe8 33. Rxe8 h6
34. Ne4 Kg7 35. Rb8 cxb5 36. cxb5 d5 37. Nec3 d4 38. Ne2 Rd3 39. Nf2 Rd2 40.
Nxd4 Rxd4 41. g4 Rxf4 42. Kg3 Rxg4+ 43. Kf3 Rg3+ 0-1

[Event "NED-ch 2008 sf"]
[Site "Hilversum"]
[Date "2008.01.05"]
[Round "1.1"]
[White "Swinkels, Robin"]
[Black "De Rover, Yong Hoon"]
[Result "1-0"]
[WhiteElo "2433"]
[BlackElo "2182"]
[PlyCount "81"]
[EventDate "2008.01.05"]

1. e4 e5 2. Nf3 Nc6 3. Bb5 a6 4. Bxc6 dxc6 5. O-O f6 6. d4 Bg4 7. c3 Bd6 8. Be3
Qd7 9. h3 Be6 10. d5 cxd5 11. exd5 Bf7 12. c4 b6 13. Nc3 Ne7 14. a3 a5 15. b3
O-O 16. Ne4 Bh5 17. c5 bxc5 18. Nxc5 Qc8 19. Rc1 Bf7 20. Nd2 Nxd5 21. Nde4 Rd8
22. Qe2 Bf8 23. Qb5 Nxe3 24. fxe3 Bd5 25. Qe2 Rb8 26. Rc3 c6 27. Ng3 Rb5 28.
Qc2 Qb8 29. Nf5 Qa7 30. Rc1 Rdb8 31. a4 Rb4 32. Kh2 g6 33. Ng3 Bxc5 34. Rxc5 e4
35. Qc3 Rxb3 36. Qxf6 Rxe3 37. Qf4 Rbb3 38. Rxd5 Qe7 39. Rxc6 Rxg3 40. Rc8+ Kg7
41. Rc7 1-0

[Event "NED-ch 2008 sf"]
[Site "Hilversum"]
[Date "2008.01.05"]
[Round "1.1"]
[White "Happel, Henk"]
[Black "Wiersma, Eelke"]
[Result "1/2-1/2"]
[WhiteElo "2186"]
[BlackElo "2426"]
[PlyCount "117"]
[EventDate "2008.01.05"]

1. d4 f5 2. Nf3 Nf6 3. e3 g6 4. b3 Bg7 5. Bb2 O-O 6. Nbd2 d6 7. Be2 Nc6 8. O-O
Qe8 9. Nc4 h6 10. a4 Bd7 11. Na3 a6 12. d5 Nb4 13. c4 c6 14. dxc6 Nxc6 15. Nc2
Qf7 16. Ncd4 Ne4 17. Nd2 Nc5 18. Qb1 Nd8 19. Bf3 Kh8 20. Qc2 e5 21. Bd5 Qe8 22.
Ne2 Nc6 23. Bxc6 bxc6 24. b4 Ne6 25. Nc3 g5 26. Ba3 Rf6 27. b5 axb5 28. axb5
Nd8 29. bxc6 Bxc6 30. Nd5 Bxd5 31. cxd5 Nf7 32. e4 f4 33. Qc6 Qg8 34. Rfe1 g4
35. Bb4 Rxa1 36. Rxa1 Bf8 37. Ra8 Qg7 38. Qe8 Kg8 39. Qd7 h5 40. Kf1 Ng5 41.
Qxg7+ Kxg7 42. Ra7+ Kg6 43. f3 Kh6 44. Ba5 gxf3 45. gxf3 Rg6 46. Ra8 Kg7 47.
Ra7+ Kg8 48. Rd7 Rg7 49. Rxg7+ Kxg7 50. Bd8 Nf7 51. Bh4 Nh8 52. Kg2 Kf7 53. Nc4
Ng6 54. Kh3 Be7 55. Be1 Ke8 56. Na5 Kd7 57. Nc6 Bf6 58. Bf2 Bg5 59. Na5 1/2-1/2

[Event "NED-ch 2008 sf"]
[Site "Hilversum"]
[Date "2008.01.05"]
[Round "1.1"]
[White "Jonkman, Harmen"]
[Black "Van Veen, Oscar"]
[Result "1/2-1/2"]
[WhiteElo "2421"]
[BlackElo "2220"]
[PlyCount "50"]
[EventDate "2008.01.05"]

1. e4 e5 2. Nf3 Nc6 3. Bc4 Nf6 4. d3 Be7 5. O-O O-O 6. a4 d6 7. a5 a6 8. Re1
Kh8 9. Nc3 Ng8 10. Nd5 f5 11. h3 Nf6 12. Nxe7 Qxe7 13. Bd2 Bd7 14. b4 Na7 15.
exf5 Bxf5 16. d4 e4 17. d5 Qf7 18. Nd4 Nxd5 19. f3 e3 20. Nxf5 Qxf5 21. Bxd5
Qxd5 22. Bxe3 Qxd1 23. Raxd1 Nc6 24. c3 Rae8 25. Bd4 Kg8 1/2-1/2

[Event "NED-ch 2008 sf"]
[Site "Hilversum"]
[Date "2008.01.05"]
[Round "1.1"]
[White "Van Ketel, Raoul"]
[Black "Van Delft, Merijn"]
[Result "1/2-1/2"]
[WhiteElo "2336"]
[BlackElo "2418"]
[PlyCount "113"]
[EventDate "2008.01.05"]

1. d4 d5 2. c4 c6 3. Nc3 Nf6 4. e3 a6 5. Nf3 b5 6. b3 Bg4 7. h3 Bxf3 8. gxf3 e6
9. c5 g6 10. Bb2 Bg7 11. f4 Nbd7 12. Bd3 O-O 13. Qc2 Nh5 14. Ne2 a5 15. a3 Kh8
16. O-O-O f5 17. Ng1 Ndf6 18. Be2 Ne4 19. Bxh5 gxh5 20. Rh2 Rg8 21. Qe2 Qe8 22.
Nf3 Bf6 23. Kc2 Ra7 24. Rf1 a4 25. b4 Rag7 26. Ne1 h4 27. Qf3 Rg6 28. Rg2 Rxg2
29. Nxg2 Qg6 30. Ne1 Kg7 31. Kd3 Kh6 32. Ke2 Qh5 33. Qxh5+ Kxh5 34. Rh1 Rg6 35.
Nf3 Rg2 36. Rh2 Rg6 37. Kf1 Bh8 38. Ke2 Bf6 39. Kf1 Bh8 40. Rg2 Bf6 41. Bc1 Bh8
42. Ng1 Nf6 43. Bd2 Rxg2 44. Kxg2 Ng8 45. Nf3 Bf6 46. Kf1 Ne7 47. Ke2 Ng6 48.
Kd3 Ne7 49. Ne1 Nc8 50. Ng2 Ne7 51. Be1 Nc8 52. f3 Ne7 53. Bf2 Ng6 54. e4 Nf8
55. Be3 Nd7 56. Bg1 Nb8 57. Ne3 1/2-1/2

[Event "NED-ch 2008 sf"]
[Site "Hilversum"]
[Date "2008.01.05"]
[Round "1.1"]
[White "Van de Plassche, Bas"]
[Black "Grooten, Herman"]
[Result "1-0"]
[WhiteElo "2415"]
[BlackElo "2350"]
[PlyCount "101"]
[EventDate "2008.01.05"]

1. d4 Nf6 2. c4 e6 3. Nc3 Bb4 4. e3 c5 5. Nge2 cxd4 6. exd4 O-O 7. c5 d6 8. a3
Bxc3+ 9. Nxc3 Qe7 10. Bg5 dxc5 11. Ne4 Nbd7 12. dxc5 h6 13. Bxf6 Nxf6 14. Qd6
Qxd6 15. Nxd6 Rd8 16. Be2 b6 17. b4 bxc5 18. bxc5 Rb8 19. O-O Bb7 20. Rfc1 Bc6
21. a4 Rd7 22. Bb5 Rc7 23. Ra3 Rd8 24. Rac3 Kf8 25. f3 Ke7 26. Kf2 Nd5 27. Rc4
Ra8 28. Bxc6 Rxc6 29. Rb1 a6 30. Rb7+ Rc7 31. Rxc7+ Nxc7 32. Rb4 f5 33. Nc4 Rd8
34. Rb7 Kd7 35. Rb6 Kc8 36. Nd6+ Kd7 37. Nf7 Rc8 38. Ne5+ Ke7 39. Rb7 g5 40. g3
f4 41. gxf4 gxf4 42. Ke2 Ke8 43. Kd3 Rd8+ 44. Ke4 Nd5 45. c6 Rc8 46. Kd4 Rc7
47. Kc5 Ke7 48. Ng6+ Kd8 49. Kd6 Kc8 50. Nxf4 Rxb7 51. cxb7+ 1-0

[Event "NED-ch 2008 sf"]
[Site "Hilversum"]
[Date "2008.01.05"]
[Round "1.1"]
[White "Bitalzadeh, Ali"]
[Black "Van Haastert, Edwin"]
[Result "1/2-1/2"]
[WhiteElo "2362"]
[BlackElo "2414"]
[PlyCount "67"]
[EventDate "2008.01.05"]

1. e4 e5 2. Nf3 Nc6 3. Bb5 a6 4. Ba4 Nf6 5. O-O Be7 6. Re1 b5 7. Bb3 d6 8. c3
O-O 9. h3 Na5 10. Bc2 c5 11. d4 Qc7 12. Nbd2 Nc6 13. d5 Nd8 14. a4 Rb8 15. axb5
axb5 16. b4 Bd7 17. Nb3 Ne8 18. bxc5 dxc5 19. c4 f6 20. Bd3 bxc4 21. Bxc4 Nd6
22. Qc2 Nxc4 23. Qxc4 Nf7 24. Be3 Bb5 25. Qc2 Rfc8 26. Rec1 c4 27. Ra7 Rb7 28.
Rxb7 Qxb7 29. Na5 Qa6 30. Qc3 Nd6 31. Nd2 Ra8 32. Nc6 Bxc6 33. dxc6 Qxc6 34.
Nxc4 1/2-1/2

[Event "NED-ch 2008 sf"]
[Site "Hilversum"]
[Date "2008.01.05"]
[Round "1.1"]
[White "Pruijssers, Roeland"]
[Black "Bezemer, Arno"]
[Result "1-0"]
[WhiteElo "2408"]
[BlackElo "2364"]
[PlyCount "55"]
[EventDate "2008.01.05"]

1. e4 c5 2. Nf3 d6 3. d4 cxd4 4. Nxd4 Nf6 5. Nc3 a6 6. Bg5 e6 7. f4 Qc7 8. Qf3
b5 9. Bxf6 gxf6 10. a3 Nc6 11. Nxc6 Qxc6 12. Bd3 Rb8 13. O-O Be7 14. Kh1 Qc5
15. Qg3 Kf8 16. Ne2 h5 17. b4 h4 18. Qh3 Qb6 19. f5 exf5 20. exf5 d5 21. Rf4
Bd6 22. Rxh4 Rxh4 23. Qxh4 Be5 24. Re1 Bb7 25. Nf4 Qd6 26. Qh8+ Ke7 27. Qg7 Kd7
28. Ng6 1-0

[Event "NED-ch 2008 sf"]
[Site "Hilversum"]
[Date "2008.01.05"]
[Round "1.1"]
[White "Welling, Gerard"]
[Black "Hendriks, Willy"]
[Result "1-0"]
[WhiteElo "2364"]
[BlackElo "2402"]
[PlyCount "69"]
[EventDate "2008.01.05"]

1. g3 g6 2. Bg2 Bg7 3. c4 c5 4. Nc3 Nc6 5. Nf3 Nh6 6. h4 d6 7. h5 Bg4 8. d3 Qd7
9. Bd2 gxh5 10. Qa4 Nf5 11. Nd5 e6 12. Nb6 axb6 13. Qxa8+ Ke7 14. Qa4 Bxf3 15.
Bxf3 Ncd4 16. Qxd7+ Kxd7 17. O-O-O Nxf3 18. exf3 h4 19. g4 Nd4 20. Bc3 Ne2+ 21.
Kc2 Nxc3 22. bxc3 Bf6 23. f4 h6 24. Rb1 Kc6 25. Rbg1 Rg8 26. g5 hxg5 27. Rxh4
g4 28. Rh7 Rf8 29. Rxg4 b5 30. cxb5+ Kxb5 31. Rh6 Bh8 32. Rgh4 Bg7 33. Rh7 Bf6
34. R4h6 Bd8 35. Rh8 1-0

[Event "NED-ch 2008 sf"]
[Site "Hilversum"]
[Date "2008.01.05"]
[Round "1.1"]
[White "Cardon, Helmut"]
[Black "Hoeksema, Erik"]
[Result "1-0"]
[WhiteElo "2398"]
[BlackElo "2373"]
[PlyCount "79"]
[EventDate "2008.01.05"]

1. d4 Nf6 2. c4 g6 3. Nc3 Bg7 4. e4 d6 5. f4 O-O 6. Nf3 c5 7. d5 e6 8. Be2 exd5
9. cxd5 Bg4 10. O-O Nbd7 11. Re1 Re8 12. h3 Bxf3 13. Bxf3 Qa5 14. Be3 b5 15. a3
Nb6 16. e5 dxe5 17. fxe5 Rxe5 18. Bxc5 Rxe1+ 19. Qxe1 Nbd7 20. b4 Qa6 21. Be2
Re8 22. Bd4 Ne4 23. Bxg7 Qb6+ 24. Kf1 Kxg7 25. Nxe4 Rxe4 26. Qc3+ Nf6 27. Rd1
Qd6 28. Qc5 Qf4+ 29. Qf2 Qe5 30. Bf3 Rf4 31. d6 Qf5 32. Kg1 h5 33. Qc5 Rxf3 34.
gxf3 Qxf3 35. Qd4 Qg3+ 36. Kf1 Qxh3+ 37. Ke2 Qg2+ 38. Kd3 Qf3+ 39. Kc2 Qf5+ 40.
Kb2 1-0

[Event "NED-ch 2008 sf"]
[Site "Hilversum"]
[Date "2008.01.05"]
[Round "1.1"]
[White "Lahaye, Rick"]
[Black "Okkes, Menno"]
[Result "1/2-1/2"]
[WhiteElo "2376"]
[BlackElo "2386"]
[PlyCount "147"]
[EventDate "2008.01.05"]

1. d4 d5 2. Nf3 Nf6 3. c4 e6 4. Nc3 dxc4 5. e3 a6 6. a4 c5 7. Bxc4 Nc6 8. O-O
Be7 9. dxc5 Qxd1 10. Rxd1 Bxc5 11. Bd2 b6 12. Ng5 Ne5 13. Be2 Bb7 14. Na2 h6
15. Bc3 Ned7 16. Bf3 Bxf3 17. Nxf3 O-O 18. Rac1 Rfc8 19. Rc2 Be7 20. Bxf6 Nxf6
21. Rdc1 Rxc2 22. Rxc2 b5 23. axb5 axb5 24. Nc1 Nd5 25. Nb3 Nb6 26. Nfd4 b4 27.
Kf1 Ra2 28. Nc1 Ra1 29. Ke2 Bf6 30. Ndb3 Rb1 31. Nd3 Na4 32. Nd2 Rg1 33. b3
Nc3+ 34. Kf3 Be7 35. Rc1 Rxc1 36. Nxc1 f5 37. Nd3 g5 38. h3 Kg7 39. e4 h5 40.
Ke3 g4 41. hxg4 hxg4 42. f4 gxf3 43. gxf3 fxe4 44. Nxe4 Nb5 45. Ne5 Nd6 46. Nc6
Bf8 47. Kf4 Nxe4 48. fxe4 Kf6 49. e5+ Kf7 50. Ke4 Ke8 51. Kd3 Kd7 52. Nd4 Bh6
53. Nf3 Kc6 54. Kc4 Bf4 55. Kd4 Bc1 56. Ne1 Bb2+ 57. Ke4 Bc3 58. Nd3 Bd2 59.
Kd4 Bc3+ 60. Ke4 Bd2 61. Nf2 Bc3 62. Nh3 Kc7 63. Ng5 Kd7 64. Nh7 Ke7 65. Nf6
Bb2 66. Ng4 Kf7 67. Nf2 Ke7 68. Nd3 Bc3 69. Nc5 Kf7 70. Na4 Ba1 71. Nb6 Bc3 72.
Nd7 Ke7 73. Nc5 Kf7 74. Nd3 1/2-1/2

[Event "NED-ch 2008 sf"]
[Site "Hilversum"]
[Date "2008.01.06"]
[Round "1.2"]
[White "Fluit, Johnny"]
[Black "Janssen, Ruud"]
[Result "1/2-1/2"]
[WhiteElo "2091"]
[BlackElo "2513"]
[PlyCount "109"]
[EventDate "2008.01.05"]

1. d4 Nf6 2. Bg5 c5 3. d5 Ne4 4. Bf4 Qb6 5. Bc1 e6 6. f3 Nf6 7. e4 exd5 8. exd5
Bd6 9. c4 O-O 10. Bd3 Be5 11. Qc2 Na6 12. a3 Qa5+ 13. Bd2 Nb4 14. Bxb4 cxb4 15.
Nd2 b5 16. Nb3 Qc7 17. c5 bxa3 18. d6 Qd8 19. Rxa3 Bb7 20. Ne2 Nd5 21. Qd2 Qh4+
22. g3 Qb4 23. Na5 Bc6 24. Qxb4 Nxb4 25. Bb1 Rfe8 26. Kf2 Bd5 27. Be4 Bxb2 28.
Re3 Bxe4 29. fxe4 Na6 30. Rb1 Bf6 31. Rxb5 Rac8 32. Nb7 Re5 33. Ra3 Nxc5 34.
Nxc5 Rexc5 35. Rxc5 Rxc5 36. Rxa7 g5 37. Rxd7 Rc6 38. Kf3 Kg7 39. g4 Be5 40.
Ng3 Bxg3 41. Kxg3 Kf6 42. Kf3 Ke6 43. Re7+ Kxd6 44. Rxf7 Rc3+ 45. Kg2 Ke5 46.
Rf5+ Kxe4 47. Rxg5 Kf4 48. Rg7 h6 49. Rg6 Ra3 50. h3 Ra2+ 51. Kf1 Ra1+ 52. Ke2
Ra2+ 53. Kd1 h5 54. Rf6+ Ke5 55. gxh5 1/2-1/2

[Event "NED-ch 2008 sf"]
[Site "Hilversum"]
[Date "2008.01.06"]
[Round "1.2"]
[White "Rademakers, Evert"]
[Black "Visser, Yge"]
[Result "0-1"]
[WhiteElo "2096"]
[BlackElo "2470"]
[PlyCount "74"]
[EventDate "2008.01.05"]

1. d4 Nf6 2. c4 g6 3. Nc3 Bg7 4. e4 O-O 5. Nf3 d6 6. Be2 Bg4 7. O-O Nfd7 8. h3
Bxf3 9. Bxf3 Nc6 10. Be3 e5 11. d5 Nd4 12. Nb5 Nxf3+ 13. Qxf3 a6 14. Nc3 Qh4
15. Qg4 Qe7 16. Qd1 f5 17. f3 Bf6 18. Qb3 Bg5 19. Bf2 b6 20. Qc2 h5 21. b4 h4
22. Na4 Kh7 23. c5 fxe4 24. fxe4 b5 25. Nb2 Nf6 26. Qe2 Nh5 27. Nd3 Rf7 28. a4
Raf8 29. axb5 axb5 30. cxd6 cxd6 31. Qg4 Kh6 32. Bb6 Qb7 33. Bf2 Qc7 34. Ne1
Rxf2 35. Rxf2 Rxf2 36. Kxf2 Qb6+ 37. Kf3 Qe3# 0-1

[Event "NED-ch 2008 sf"]
[Site "Hilversum"]
[Date "2008.01.06"]
[Round "1.2"]
[White "Otte, Marijn"]
[Black "Bosch, Jeroen"]
[Result "0-1"]
[WhiteElo "2155"]
[BlackElo "2437"]
[PlyCount "58"]
[EventDate "2008.01.05"]

1. e4 e5 2. f4 Bc5 3. Nf3 d6 4. Nc3 Nf6 5. Bc4 Nc6 6. d3 Bg4 7. Bb5 exf4 8. h3
Bxf3 9. Qxf3 O-O 10. Bxc6 bxc6 11. Bxf4 Qb8 12. Rb1 Re8 13. Bg5 Re6 14. Ne2 Qb5
15. Kd1 Bb6 16. Bh4 Nd7 17. Rf1 Rf8 18. Nf4 Ree8 19. Nh5 Ne5 20. Qg3 Ng6 21.
Rf5 Re5 22. Nxg7 Kxg7 23. Bf6+ Kg8 24. Rxe5 dxe5 25. b4 Re8 26. h4 c5 27. h5
cxb4 28. Qg5 Qc5 29. hxg6 fxg6 0-1

[Event "NED-ch 2008 sf"]
[Site "Hilversum"]
[Date "2008.01.06"]
[Round "1.2"]
[White "Bosboom, Manuel"]
[Black "Hekhuis, Jeroen"]
[Result "1/2-1/2"]
[WhiteElo "2434"]
[BlackElo "2168"]
[PlyCount "36"]
[EventDate "2008.01.05"]

1. c4 e5 2. d3 c6 3. Nf3 d6 4. g3 f5 5. Bg2 Nf6 6. O-O Be7 7. c5 Na6 8. cxd6
Bxd6 9. Na3 Qe7 10. Nc4 Bc7 11. b3 O-O 12. Ba3 c5 13. Bb2 Nd7 14. Rc1 Rb8 15.
Ne3 Nf6 16. Nc4 Nd7 17. Ne3 Nf6 18. Nc4 Nd7 1/2-1/2

[Event "NED-ch 2008 sf"]
[Site "Hilversum"]
[Date "2008.01.06"]
[Round "1.2"]
[White "De Rover, Yong Hoon"]
[Black "Swinkels, Robin"]
[Result "0-1"]
[WhiteElo "2182"]
[BlackElo "2433"]
[PlyCount "84"]
[EventDate "2008.01.05"]

1. e4 c5 2. Nf3 d6 3. d4 cxd4 4. Nxd4 Nf6 5. Nc3 Nc6 6. Bg5 e6 7. Qd2 a6 8.
O-O-O Bd7 9. f3 Be7 10. Kb1 Qc7 11. h4 h6 12. Be3 h5 13. Bg5 Ne5 14. Bd3 b5 15.
Rhe1 Nxd3 16. Qxd3 b4 17. Nce2 Qb7 18. Ng3 g6 19. f4 e5 20. Nf3 Rd8 21. fxe5
dxe5 22. Nxe5 Bg4 23. Qb3 Rxd1+ 24. Rxd1 O-O 25. Rf1 Be6 26. Qf3 Ng4 27. Nxg4
hxg4 28. Qe3 f6 29. Bh6 Rd8 30. b3 Qb5 31. Qe2 Qxe2 32. Nxe2 g5 33. hxg5 fxg5
34. Ng3 Kh7 35. Rh1 Kg6 36. Nf5 Bxf5 37. exf5+ Kf7 38. Kc1 Bf6 39. Rh5 Rh8 40.
Rxg5 Rxh6 41. Rxg4 Bc3 42. Kd1 Rd6+ 0-1

[Event "NED-ch 2008 sf"]
[Site "Hilversum"]
[Date "2008.01.06"]
[Round "1.2"]
[White "Grooten, Herman"]
[Black "Van de Plassche, Bas"]
[Result "1-0"]
[WhiteElo "2350"]
[BlackElo "2415"]
[PlyCount "95"]
[EventDate "2008.01.05"]

1. d4 Nf6 2. Nf3 c5 3. d5 e6 4. c4 b5 5. dxe6 fxe6 6. cxb5 d5 7. Nc3 Be7 8. g3
a6 9. bxa6 O-O 10. Bh3 Qe8 11. O-O Qh5 12. Bg2 Rxa6 13. e4 d4 14. Ne2 e5 15.
Nxe5 Qxe5 16. Bf4 Qh5 17. Bxb8 Rb6 18. Bc7 Rxb2 19. Nf4 Qxd1 20. Rfxd1 Bg4 21.
Rdb1 Rxb1+ 22. Rxb1 Rc8 23. Rb8 Rxb8 24. Bxb8 g5 25. h3 Bd1 26. Ne6 Nd7 27. Bc7
d3 28. Ba5 c4 29. f4 gxf4 30. gxf4 Kf7 31. Nc7 Bc5+ 32. Kf1 Bb6 33. Bxb6 Nxb6
34. Ke1 Ba4 35. Kd2 Bc6 36. Bf3 Na4 37. Ke3 Nc3 38. Nd5 Bxd5 39. exd5 Nxa2 40.
Kd4 Nc1 41. Kc3 Kf6 42. Bg4 h6 43. h4 h5 44. Bxh5 Kf5 45. Bd1 Ne2+ 46. Bxe2
dxe2 47. Kd2 Kxf4 48. Kxe2 1-0

[Event "NED-ch 2008 sf"]
[Site "Hilversum"]
[Date "2008.01.06"]
[Round "1.2"]
[White "Bezemer, Arno"]
[Black "Pruijssers, Roeland"]
[Result "1-0"]
[WhiteElo "2364"]
[BlackElo "2408"]
[PlyCount "81"]
[EventDate "2008.01.05"]

1. e4 e5 2. Nf3 Nc6 3. Bb5 a6 4. Ba4 Nf6 5. O-O Be7 6. Re1 b5 7. Bb3 d6 8. c3
O-O 9. h3 Nb8 10. d4 Nbd7 11. Nbd2 Bb7 12. Bc2 Re8 13. Nf1 Bf8 14. Ng3 g6 15.
b3 d5 16. Bg5 h6 17. Bh4 g5 18. Nxg5 hxg5 19. Bxg5 exd4 20. e5 Rxe5 21. Rxe5
Nxe5 22. cxd4 Nc6 23. Qd3 Be7 24. Bh6 Bf8 25. Qe3 Nh7 26. Qf4 Bc8 27. Rc1 Qd6
28. Bxh7+ Kxh7 29. Rxc6 Qxc6 30. Bxf8 Qg6 31. Qh4+ Kg8 32. Be7 Be6 33. Nh5 c6
34. Bf6 Rc8 35. Be5 f6 36. Nxf6+ Kf7 37. Nh5 Rg8 38. Nf4 Qf5 39. Bd6 Qf6 40.
Qh5+ Rg6 41. Be5 1-0

[Event "NED-ch 2008 sf"]
[Site "Hilversum"]
[Date "2008.01.06"]
[Round "1.2"]
[White "Hoeksema, Erik"]
[Black "Cardon, Helmut"]
[Result "1/2-1/2"]
[WhiteElo "2373"]
[BlackElo "2398"]
[PlyCount "79"]
[EventDate "2008.01.05"]

1. e4 c5 2. Nf3 Nc6 3. d4 cxd4 4. Nxd4 Nf6 5. Nc3 d6 6. Bg5 e6 7. Qd2 a6 8.
O-O-O h6 9. Be3 Be7 10. f3 Nxd4 11. Bxd4 e5 12. Be3 Be6 13. Nd5 Nxd5 14. exd5
Bd7 15. Kb1 Bg5 16. f4 exf4 17. Bxf4 O-O 18. h4 Bxf4 19. Qxf4 Qe7 20. Bd3 Rae8
21. Qb4 Qe5 22. g4 a5 23. Qxa5 Bxg4 24. Rdf1 f5 25. Qb4 h5 26. Rf4 Kh7 27. Rhf1
Qxd5 28. a4 Qe5 29. Bc4 d5 30. Bb3 Re7 31. Bxd5 Rd8 32. Bb3 Kh6 33. Ka2 g6 34.
Rc4 Qd6 35. Rff4 Qxb4 36. Rxb4 Rd6 37. Rfd4 Rxd4 38. Rxd4 Bf3 39. Rd6 Re4 40.
Bf7 1/2-1/2

[Event "NED-ch 2008 sf"]
[Site "Hilversum"]
[Date "2008.01.06"]
[Round "1.2"]
[White "Hendriks, Willy"]
[Black "Welling, Gerard"]
[Result "1/2-1/2"]
[WhiteElo "2402"]
[BlackElo "2364"]
[PlyCount "49"]
[EventDate "2008.01.05"]

1. e4 d6 2. d4 Nf6 3. Nc3 e5 4. Nf3 exd4 5. Nxd4 Be7 6. Be2 O-O 7. O-O a6 8.
Re1 c5 9. Nf3 Nc6 10. h3 b5 11. Bf1 Ne5 12. Nxe5 dxe5 13. Qf3 Bb7 14. Bg5 Nd7
15. Bxe7 Qxe7 16. a4 b4 17. Nd5 Bxd5 18. exd5 Qd6 19. b3 f5 20. Qg3 Rf6 21. Bc4
Raf8 22. a5 Rg6 23. Qh2 Kh8 24. Kh1 f4 25. f3 1/2-1/2

[Event "NED-ch 2008 sf"]
[Site "Hilversum"]
[Date "2008.01.06"]
[Round "1.2"]
[White "Brandenburg, Daan"]
[Black "Haast, Mark"]
[Result "1-0"]
[WhiteElo "2483"]
[BlackElo "2095"]
[PlyCount "79"]
[EventDate "2008.01.05"]

1. e4 c5 2. Nf3 d6 3. d4 cxd4 4. Nxd4 Nf6 5. Nc3 g6 6. Be3 a6 7. Bc4 Bg7 8. f3
Nbd7 9. Qd2 b5 10. Bb3 Bb7 11. Bh6 Bxh6 12. Qxh6 Ne5 13. O-O-O Qc7 14. Rhe1 Nc4
15. Kb1 Qc5 16. g4 O-O-O 17. Bxc4 Qxc4 18. Nb3 Qc7 19. a4 Qb6 20. axb5 axb5 21.
Rd4 b4 22. Na2 Kd7 23. Rxb4 Qa7 24. Qd2 Bc6 25. e5 Nd5 26. Rd4 Ra8 27. Nac1 e6
28. c4 Ba4 29. Rxd5 exd5 30. Qxd5 Kc8 31. exd6 Qb7 32. Qc5+ Qc6 33. Re7 Qxc5
34. Nxc5 Rd8 35. b3 Bd7 36. N1d3 Be6 37. Nxe6 fxe6 38. c5 Ra5 39. Rc7+ Kb8 40.
Nb4 1-0

[Event "NED-ch 2008 sf"]
[Site "Hilversum"]
[Date "2008.01.06"]
[Round "1.2"]
[White "De Jong, Jan Willem"]
[Black "Goudriaan, Etienne"]
[Result "1-0"]
[WhiteElo "2445"]
[BlackElo "2123"]
[PlyCount "49"]
[EventDate "2008.01.05"]

1. d4 d5 2. c4 c6 3. Nf3 Nf6 4. Qc2 e6 5. g3 Bd6 6. Bg2 Nbd7 7. O-O O-O 8. Nbd2
e5 9. cxd5 cxd5 10. Nxe5 Bxe5 11. dxe5 Nxe5 12. Nf3 Nxf3+ 13. Bxf3 Be6 14. Be3
Ng4 15. Bd4 Rc8 16. Qd2 f5 17. h3 Nf6 18. Qf4 Ne4 19. Rfc1 b6 20. Rxc8 Qxc8 21.
Rc1 Qe8 22. Rc7 Rf7 23. Bh5 g6 24. Bxg6 hxg6 25. Qh6 1-0

[Event "NED-ch 2008 sf"]
[Site "Hilversum"]
[Date "2008.01.06"]
[Round "1.2"]
[White "Wiersma, Eelke"]
[Black "Happel, Henk"]
[Result "1/2-1/2"]
[WhiteElo "2426"]
[BlackElo "2186"]
[PlyCount "57"]
[EventDate "2008.01.05"]

1. d4 Nf6 2. c4 c5 3. d5 e5 4. Nc3 d6 5. e4 Be7 6. Bd3 Nbd7 7. h3 h5 8. Nf3 Nf8
9. Be3 Ng6 10. Qd2 h4 11. O-O-O Bd7 12. Kb1 a6 13. Qc2 Qa5 14. Bd2 Qc7 15. Ka1
b5 16. Ne2 b4 17. Rh2 a5 18. Rdh1 a4 19. Qc1 a3 20. b3 O-O-O 21. g4 hxg3 22.
fxg3 Nh5 23. Ne1 Rh7 24. Nf3 Rf8 25. Kb1 Bf6 26. Qg1 Kb7 27. Kc2 Rhh8 28. Nc1
Be7 29. Rf2 1/2-1/2